000 00721nam a22001695i 4500
001 156877
003 ES-MaACL
005 20230906210523.0
008 040805s1839 fr |||| | fre d
040 _aCAM
_bspa
_cCAM
100 1 _aLafont-Gouzy, Gabriel Grégoire.
_9128584
245 1 0 _aTraité du magnétisme animal
_b: considéré sous la rapport de l'hygiéne, de la médecine légale et de la thérapeutique /
_cpar G.-G. Lafont-Gouzi.
260 _aToulouse :
_bSenac libraire :
_bl'auteur,
_c1839 (
_fImprimerie d'Augustin Manavit)
300 _a176 p. ;
_c21 cm.
650 4 _aMagnetismo personal.
_9136450
852 _aES-MaACL
_jR-1364(6)
_z-- Enc. hol.
_z-- Enc. en un vol. facticio
_z.- Donat. Mateo Seoane
999 _c156877
_d156877